डॉक्टर नसेल तेथे (Record no. 974165)

MARC details
000 -LEADER
fixed length control field 00413nam a2200133Ia 4500
008 - FIXED-LENGTH DATA ELEMENTS--GENERAL INFORMATION
fixed length control field 151001s9999||||xx |||||||||||||| ||und||
100 ## - MAIN ENTRY--PERSONAL NAME
Personal name वेर्णर डेव्हिड
245 ## - TITLE STATEMENT
Title डॉक्टर नसेल तेथे
250 ## - EDITION STATEMENT
Edition statement 4
260 ## - PUBLICATION, DISTRIBUTION, ETC. (IMPRINT)
Name of publisher, distributor, etc सुमंगल पब्लिकेशन कंपनी मुंबई
260 ## - PUBLICATION, DISTRIBUTION, ETC. (IMPRINT)
Date of publication, distribution, etc 1995
300 ## - PHYSICAL DESCRIPTION
Extent 263
365 ## - TRADE PRICE
Price amount 26

No items available.